000
00283nam a22001337a 4500
008
170811b xxu||||| |||| 00| 0 eng d
020
_a
9780133720129
041
_a
eng
080
_2
7TH
_a
51
100
_a
36
101
_a
MAT
245
_a
CALCULUS
_c
BARNETT,R.A
942
_2
udc
_c
BK
999
_c
23251
_d
23251